Fyziologie a patologie novorozence /

Uložené v:
Podrobná bibliografia
Hlavný autor: Poláček, Karel, 1910-2005 (Author)
Médium: Kniha
Jazyk:Czech
Vydané: Praha : Avicenum, 1981.
Vydanie:1. vyd.
ISBN: (viaz.)
Fyzický popis: 429 s. : il.
Tagy: Pridať tag
Žiadne tagy, Buďte prvý kto otaguje tento záznam!

MARC

LEADER 00000nam a2200000 a 4500
001 000113708
005 20091214164815.0
008 981013s1981 xr e cze d
020 |a (viaz.) 
040 |a SVKKK  |b slo  |c SVKKK  |e AACR2 
041 0 |a cze 
044 |a xr  |c CZ 
245 0 0 |a Fyziologie a patologie novorozence /  |c Karel Poláček ... [et al.]. 
250 |a 1. vyd. 
260 |a Praha :  |b Avicenum,  |c 1981. 
300 |a 429 s. :  |b il. 
500 |a Bibliografia 
700 1 |a Poláček, Karel,  |d 1910-2005  |4 aut 
910 |a svkkk 
998 |a BK 
090 |g SCKHL  |k Sklad Pribinova 2. posch.  |a II.267951  |j 641422  |i 2720011397  |s Absenčne 
090 |g SCKHL  |k Sklad Pribinova 2. posch.  |a II.267952  |j 641423  |i 113708-20  |s Absenčne 
090 |g SCKHL  |k Sklad Pribinova 2. posch.  |a II.267953  |j 641424  |i 2720278680  |s Absenčne 
090 |g SCKHL  |k Sklad Pribinova 2. posch.  |a II.267954  |j 641425  |i 113708-40  |s Absenčne 
090 |g SCKHL  |k Sklad Pribinova 2. posch.  |a II.267955  |j 641426  |i 113708-50  |s Absenčne